[Event "Wch Juvenil 2010 sub16 Femenino"]
[Site "Porto Carras GRE"]
[Date "2010.10.20"]
[Round "1.1"]
[White "Androni, Konstantina"]
[Black "Arabidze, Meri"]
[Result "0-1"]
[WhiteElo "1919"]
[BlackElo "2288"]
[PlyCount "62"]
[EventDate "2010.10.20"]
[EventType "swiss"]
[EventRounds "11"]
[EventCountry "GRE"]
[Source "lmi"]
[SourceDate "2010.10.20"]

1. d4 Nf6 2. c4 e6 3. Nc3 Bb4 4. Qc2 O-O 5. a3 Bxc3+ 6. Qxc3 b6 7. Bg5 Bb7 8.
f3 d6 9. e3 Nbd7 10. Bd3 e5 11. O-O-O e4 12. Be2 Qe8 13. Nh3 h6 14. Bh4 b5 15.
Qb3 exf3 16. gxf3 bxc4 17. Qxb7 Qxe3+ 18. Rd2 c3 19. bxc3 Qxc3+ 20. Rc2 Qe3+
21. Rd2 Rfb8 22. Qa6 Qc3+ 23. Rc2 Qa1+ 24. Kd2 Qxh1 25. Bg3 Qa1 26. Bf2 Rb2 27.
Qc6 Rab8 28. Bd3 Qxa3 29. Nf4 Qb4+ 30. Ke2 Rxc2+ 31. Bxc2 Qb5+ 0-1

[Event "Wch Juvenil 2010 sub16 Femenino"]
[Site "Porto Carras GRE"]
[Date "2010.10.20"]
[Round "1.2"]
[White "Schut, Lisa"]
[Black "Fransson, Angelina"]
[Result "1-0"]
[WhiteElo "2288"]
[BlackElo "1910"]
[PlyCount "55"]
[EventDate "2010.10.20"]
[EventType "swiss"]
[EventRounds "11"]
[EventCountry "GRE"]
[Source "lmi"]
[SourceDate "2010.10.20"]

1. e4 c5 2. Nf3 d6 3. d4 cxd4 4. Nxd4 Nf6 5. Nc3 e6 6. g4 h6 7. h4 Nc6 8. Rg1
h5 9. gxh5 Nxh5 10. Bg5 Nf6 11. Qd2 a6 12. Be2 Qb6 13. Nb3 Bd7 14. h5 Be7 15.
Be3 Qc7 16. Rxg7 b5 17. a3 Ne5 18. h6 Ng6 19. Bg5 Bc6 20. Qd4 Qd8 21. f4 e5 22.
fxe5 Nxe5 23. O-O-O Rc8 24. Rg1 Ned7 25. Qf2 Qb6 26. Be3 Qc7 27. Nd4 Bxe4 28.
Nxe4 1-0

[Event "Wch Juvenil 2010 sub16 Femenino"]
[Site "Porto Carras GRE"]
[Date "2010.10.20"]
[Round "1.3"]
[White "Afshar, Niusha"]
[Black "Ziaziulkina, Nastassia"]
[Result "0-1"]
[WhiteElo "1909"]
[BlackElo "2284"]
[PlyCount "66"]
[EventDate "2010.10.20"]
[EventType "swiss"]
[EventRounds "11"]
[EventCountry "GRE"]
[Source "lmi"]
[SourceDate "2010.10.20"]

1. d4 Nf6 2. Nc3 d5 3. Nf3 Bf5 4. Bf4 e6 5. e3 Bd6 6. Ne5 Nfd7 7. Nxd7 Qxd7 8.
Bxd6 Qxd6 9. Bd3 Bxd3 10. cxd3 O-O 11. O-O Nd7 12. Rc1 c6 13. Na4 b6 14. Qd2 e5
15. dxe5 Nxe5 16. d4 Ng4 17. g3 Qh6 18. h4 Rae8 19. Qe2 f5 20. Kg2 Qg6 21. Qf3
Rf6 22. Nc3 Rfe6 23. Rce1 Nf6 24. Ne2 Nh5 25. Nf4 Nxf4+ 26. Qxf4 Re4 27. Qg5
Qf7 28. f3 h6 29. fxe4 hxg5 30. Rxf5 Qe6 31. Re5 Qg6 32. Rxg5 Qxe4+ 33. Kh3 Qd3
0-1

[Event "Wch Juvenil 2010 sub16 Femenino"]
[Site "Porto Carras GRE"]
[Date "2010.10.20"]
[Round "1.4"]
[White "Nguyen, Thi Mai Hung"]
[Black "Krumova, Ani"]
[Result "1-0"]
[WhiteElo "2258"]
[BlackElo "1906"]
[PlyCount "101"]
[EventDate "2010.10.20"]
[EventType "swiss"]
[EventRounds "11"]
[EventCountry "GRE"]
[Source "lmi"]
[SourceDate "2010.10.20"]

1. d4 Nf6 2. Bf4 g6 3. e3 d6 4. Nf3 Bg7 5. Be2 O-O 6. h3 b6 7. O-O Bb7 8. Nbd2
Nbd7 9. c3 Re8 10. Bh2 e5 11. a4 a6 12. dxe5 dxe5 13. Qb3 Nc5 14. Qa2 Nfe4 15.
Rfd1 Qe7 16. Nc4 Nd7 17. Qa3 Qe6 18. Ncd2 Nxd2 19. Rxd2 Nc5 20. Rad1 Ne4 21.
Rc2 Rad8 22. Rcc1 Bf8 23. b4 Bd6 24. Qb2 Qf6 25. c4 Bc6 26. a5 Ng5 27. Nxg5
Qxg5 28. Bg3 bxa5 29. c5 Bf8 30. bxa5 h5 31. h4 Qf6 32. Qc3 Bg7 33. Bc4 Ba8 34.
Qb3 Rb8 35. Qa2 Rf8 36. Bf1 Qc6 37. Rc2 Rb5 38. Rdc1 Rb4 39. Rc4 Rfb8 40. Rxb4
Rxb4 41. Qd2 Rg4 42. Qd3 Bh6 43. Rc4 Bb7 44. Rxg4 hxg4 45. Qd8+ Bf8 46. Bxe5 g3
47. fxg3 Qxc5 48. Qf6 Qxe3+ 49. Kh2 Qh6 50. Bc4 Bg7 51. Qxf7+ 1-0

[Event "Wch Juvenil 2010 sub16 Femenino"]
[Site "Porto Carras GRE"]
[Date "2010.10.20"]
[Round "1.6"]
[White "Lach, Aleksandra"]
[Black "Kurbanboeva, S."]
[Result "1-0"]
[WhiteElo "2206"]
[BlackElo "1905"]
[PlyCount "115"]
[EventDate "2010.10.20"]
[EventType "swiss"]
[EventRounds "11"]
[EventCountry "GRE"]
[Source "lmi"]
[SourceDate "2010.10.20"]

1. e4 c5 2. Nf3 Nc6 3. d4 cxd4 4. Nxd4 g6 5. Nc3 Bg7 6. Be3 Nf6 7. Bc4 Qa5 8.
O-O O-O 9. Nb3 Qc7 10. Be2 d6 11. f4 Be6 12. f5 Bxb3 13. axb3 Ne5 14. Kh1 a6
15. Bg5 Ned7 16. Qd2 Rac8 17. fxg6 fxg6 18. Bc4+ Kh8 19. Be6 Rcd8 20. b4 Ne5
21. Qe2 Nc6 22. Bxf6 exf6 23. Nd5 Qb8 24. c3 Rde8 25. Qg4 Nd8 26. Bd7 Re5 27.
Rad1 b5 28. Qf4 Ne6 29. Bxe6 Rxe6 30. Qh4 g5 31. Qg4 Rfe8 32. Rde1 Qc8 33. b3
Qb7 34. Rf5 Qd7 35. Qf3 Qd8 36. h3 Kg8 37. c4 h6 38. Qd3 Qd7 39. Qd4 Kf7 40.
Nc3 Re5 41. Ref1 Kg6 42. Qd3 Qc6 43. Nd5 R8e6 44. Rxe5 dxe5 45. Ra1 Bf8 46. c5
Qb7 47. Qf3 Kg7 48. Qf5 Rc6 49. Nb6 Be7 50. Rd1 Rc7 51. Ra1 Rc6 52. Ra2 Rc7 53.
Qe6 Qxe4 54. Rxa6 Qxb4 55. Ra8 Bf8 56. Nd5 Qxc5 57. Qxf6+ Kg8 58. Nxc7 1-0

[Event "Wch Juvenil 2010 sub16 Femenino"]
[Site "Porto Carras GRE"]
[Date "2010.10.20"]
[Round "1.7"]
[White "Romanova, Anastasia"]
[Black "Hakimifard, Ghazal"]
[Result "0-1"]
[WhiteElo "1904"]
[BlackElo "2173"]
[PlyCount "72"]
[EventDate "2010.10.20"]
[EventType "swiss"]
[EventRounds "11"]
[EventCountry "GRE"]
[Source "lmi"]
[SourceDate "2010.10.20"]

1. Nf3 Nf6 2. c4 e6 3. d4 b6 4. Nc3 Bb7 5. Bg5 h6 6. Bh4 g5 7. Bg3 Nh5 8. e3
Nxg3 9. hxg3 Bg7 10. g4 Nc6 11. Rc1 Qe7 12. a3 O-O-O 13. Bd3 Rdf8 14. Qa4 Kb8
15. d5 Ne5 16. Nxe5 Bxe5 17. b4 Bxc3+ 18. Rxc3 exd5 19. cxd5 Qe5 20. Qc2 Bxd5
21. e4 Bb7 22. Kf1 Re8 23. Rh3 d5 24. Be2 dxe4 25. a4 Re6 26. Bc4 Rf6 27. Qe2
Rd8 28. Rc1 Qf4 29. Rb1 Rd2 30. Qe1 Rxf2+ 31. Kg1 e3 32. Bf1 Qxg4 33. Rh2 e2
34. Qxf2 Rxf2 35. Kxf2 Qf5+ 36. Kxe2 Qxb1 0-1

[Event "Wch Juvenil 2010 sub16 Femenino"]
[Site "Porto Carras GRE"]
[Date "2010.10.20"]
[Round "1.8"]
[White "Aranaz Murillo, Amalia"]
[Black "Bejatovic, Bojana"]
[Result "1-0"]
[WhiteElo "2154"]
[BlackElo "1891"]
[PlyCount "93"]
[EventDate "2010.10.20"]
[EventType "swiss"]
[EventRounds "11"]
[EventCountry "GRE"]
[Source "lmi"]
[SourceDate "2010.10.20"]

1. Nf3 f5 2. c4 g6 3. b4 Bg7 4. d4 Nf6 5. g3 d6 6. Bb2 O-O 7. Bg2 c6 8. O-O Qe8
9. Nbd2 e5 10. dxe5 Ng4 11. c5 dxe5 12. e4 Na6 13. a3 Nc7 14. h3 Nh6 15. Re1
Nf7 16. Qe2 f4 17. Nc4 fxg3 18. fxg3 Nb5 19. Rad1 Be6 20. a4 Bxc4 21. Qxc4 Nc7
22. h4 Kh8 23. Bh3 Rd8 24. Qb3 Qe7 25. Kg2 a6 26. Rf1 h6 27. h5 g5 28. Bf5 Rxd1
29. Rxd1 Rd8 30. Qxf7 Qxf7 31. Rxd8+ Ne8 32. Bg6 Qb3 33. Rxe8+ Bf8 34. Rxf8+
Kg7 35. Rf7+ Kg8 36. Bxe5 Qa2+ 37. Kh3 Qe6+ 38. Rf5 Qd7 39. Bd6 g4+ 40. Kh2
gxf3 41. Rf8+ Kg7 42. Rf7+ Qxf7 43. Bxf7 Kxf7 44. e5 Ke6 45. g4 f2 46. Kg2
f1=Q+ 47. Kxf1 1-0

[Event "Wch Juvenil 2010 sub16 Femenino"]
[Site "Porto Carras GRE"]
[Date "2010.10.20"]
[Round "1.10"]
[White "Chumpitaz, Ann"]
[Black "Anton, Roxana-Ana"]
[Result "1-0"]
[WhiteElo "2150"]
[BlackElo "1879"]
[PlyCount "69"]
[EventDate "2010.10.20"]
[EventType "swiss"]
[EventRounds "11"]
[EventCountry "GRE"]
[Source "lmi"]
[SourceDate "2010.10.20"]

1. e4 e6 2. d4 d5 3. Nc3 Nf6 4. e5 Nfd7 5. f4 c5 6. Nf3 Nc6 7. Be3 Qb6 8. Qd2
cxd4 9. Nxd4 Bc5 10. Na4 Qb4 11. Nxc6 Qxd2+ 12. Bxd2 bxc6 13. Nxc5 Nxc5 14. Bb4
Nd7 15. Bd6 a5 16. c4 f6 17. cxd5 exd5 18. Rc1 Bb7 19. Be2 Kf7 20. Bg4 Nf8 21.
O-O h5 22. Bh3 Ne6 23. Rfe1 Rhe8 24. g3 g5 25. exf6 gxf4 26. gxf4 Kxf6 27. Be5+
Kf7 28. Kf2 Rg8 29. Re3 Ra6 30. Rb3 Bc8 31. Bf1 a4 32. Rb8 Ra7 33. Be2 Ke7 34.
Rxc6 Kd7 35. Bb5 1-0

[Event "Wch Juvenil 2010 sub16 Femenino"]
[Site "Porto Carras GRE"]
[Date "2010.10.20"]
[Round "1.11"]
[White "Papathanasiou, Ageliki"]
[Black "Saranya, J."]
[Result "0-1"]
[WhiteElo "1878"]
[BlackElo "2121"]
[PlyCount "102"]
[EventDate "2010.10.20"]
[EventType "swiss"]
[EventRounds "11"]
[EventCountry "GRE"]
[Source "lmi"]
[SourceDate "2010.10.20"]

1. d4 Nf6 2. Nf3 g6 3. g3 Bg7 4. Bg2 O-O 5. O-O d6 6. a4 Nbd7 7. a5 e5 8. Nc3
c6 9. e4 Qc7 10. Re1 Rd8 11. h3 Nf8 12. Be3 Ne8 13. Qd2 Ne6 14. d5 Nf8 15. b4
f5 16. Rad1 Nf6 17. Bg5 Qe7 18. Qc1 h5 19. Nh4 Qe8 20. Rd3 N8h7 21. dxc6 bxc6
22. Red1 d5 23. exd5 e4 24. Rd4 Bb7 25. dxc6 Rxd4 26. Rxd4 Qxc6 27. Ne2 Nd5 28.
Rd1 Rc8 29. c4 Qxc4 30. Qxc4 Rxc4 31. Bd8 Kf7 32. Nf4 Rd4 33. Rxd4 Bxd4 34.
Nhxg6 Nxb4 35. Nh4 Bc8 36. Nxh5 Nd3 37. g4 Ke8 38. Bc7 Bxf2+ 39. Kf1 Bxh4 40.
gxf5 Ba6 41. Kg1 Kd7 42. Bb8 e3 43. Bf1 Ng5 44. Be2 Nc5 45. Kf1 Bc8 46. Bxa7
Kc6 47. a6 Nge4 48. Bf3 Bxa6+ 49. Be2 Nd2+ 50. Kg1 Bxe2 51. f6 Bxh5 0-1

[Event "Wch Juvenil 2010 sub16 Femenino"]
[Site "Porto Carras GRE"]
[Date "2010.10.20"]
[Round "1.12"]
[White "Iwanow, Anna"]
[Black "Tskhadadze, Anna"]
[Result "1-0"]
[WhiteElo "2112"]
[BlackElo "1839"]
[PlyCount "89"]
[EventDate "2010.10.20"]
[EventType "swiss"]
[EventRounds "11"]
[EventCountry "GRE"]
[Source "lmi"]
[SourceDate "2010.10.20"]

1. e4 c5 2. Nf3 d6 3. d4 cxd4 4. Nxd4 Nf6 5. Nc3 e6 6. Be3 a6 7. f3 Be7 8. g4
b5 9. Qd2 Bb7 10. O-O-O Nfd7 11. Kb1 Nb6 12. Qf2 Nc4 13. Bxc4 bxc4 14. h4 Nd7
15. g5 Rb8 16. Rhg1 Ba8 17. Ka1 Nc5 18. h5 Qb6 19. Rb1 Qa5 20. Bd2 Qc7 21. Qe2
Nd7 22. f4 g6 23. Qh2 Nc5 24. hxg6 fxg6 25. Qe2 Qd7 26. Qxc4 Nxe4 27. Nxe4 Bxe4
28. Nxe6 Qb7 29. Bc3 Rg8 30. Ng7+ Kf8 31. Ne6+ Ke8 32. Nc5 d5 33. Qxe4 dxe4 34.
Nxb7 Rxb7 35. Rbe1 Rd7 36. Rxe4 Kf7 37. a3 Rgd8 38. Rge1 Bc5 39. Rh1 Kf8 40.
Re6 Rd1+ 41. Rxd1 Rxd1+ 42. Ka2 Rd6 43. Re5 Bd4 44. Bb4 Bxe5 45. fxe5 1-0

[Event "Wch Juvenil 2010 sub16 Femenino"]
[Site "Porto Carras GRE"]
[Date "2010.10.20"]
[Round "1.13"]
[White "Astrom, Linda"]
[Black "Gagare, Shalmali"]
[Result "0-1"]
[WhiteElo "1823"]
[BlackElo "2110"]
[PlyCount "116"]
[EventDate "2010.10.20"]
[EventType "swiss"]
[EventRounds "11"]
[EventCountry "GRE"]
[Source "lmi"]
[SourceDate "2010.10.20"]

1. e4 c5 2. Nf3 g6 3. d4 cxd4 4. Nxd4 Bg7 5. Nc3 Nc6 6. Be3 Nf6 7. Be2 O-O 8.
O-O d5 9. exd5 Nxd5 10. Nxd5 Qxd5 11. Bf3 Qc4 12. Be2 Qb4 13. Nxc6 bxc6 14. Bf3
Ba6 15. Be2 Rfd8 16. Qe1 Qxe1 17. Rfxe1 Bxe2 18. Rxe2 Bxb2 19. Rb1 Bc3 20. h3
Rd7 21. Rb3 Rd1+ 22. Kh2 Be5+ 23. g3 Bd6 24. c4 c5 25. Rb5 Rc8 26. Ra5 Rc7 27.
Rb2 Rd3 28. Rbb5 Rc3 29. Bxc5 Bxc5 30. Rxc5 Rxc5 31. Rxc5 Ra3 32. Rc7 e6 33. c5
Rxa2 34. Kg2 Rc2 35. Rxa7 Rxc5 36. Ra3 h5 37. Ra4 Kg7 38. Rb4 Kf6 39. Ra4 e5
40. Kf3 Kf5 41. g4+ Kg5 42. Re4 f5 43. h4+ Kf6 44. g5+ Ke6 45. Ra4 e4+ 46. Kf4
Rc3 47. Ra6+ Kd5 48. Ra5+ Kd4 49. Ra4+ Kd3 50. Ra6 Ke2 51. Ra2+ Kf1 52. Ke5 Rc6
53. Kf4 Kg2 54. f3+ Kh3 55. fxe4 fxe4 56. Rf2 Rc5 57. Kxe4 Kxh4 58. Ra2 Rf5 0-1

[Event "Wch Juvenil 2010 sub16 Femenino"]
[Site "Porto Carras GRE"]
[Date "2010.10.20"]
[Round "1.14"]
[White "Bea, Boglarka"]
[Black "Roy, Ali"]
[Result "1-0"]
[WhiteElo "2109"]
[BlackElo "1822"]
[PlyCount "83"]
[EventDate "2010.10.20"]
[EventType "swiss"]
[EventRounds "11"]
[EventCountry "GRE"]
[Source "lmi"]
[SourceDate "2010.10.20"]

1. e4 e6 2. d4 d5 3. Nc3 dxe4 4. Nxe4 Nd7 5. Nf3 Ngf6 6. Nxf6+ Nxf6 7. c3 c5 8.
Ne5 a6 9. Qa4+ Bd7 10. Nxd7 Nxd7 11. dxc5 Bxc5 12. Bd3 b5 13. Qe4 Ra7 14. O-O
Qe7 15. b4 Bb6 16. a4 f5 17. Qe2 bxa4 18. Bxa6 O-O 19. Bc4 Re8 20. Re1 Nf8 21.
Bb2 Qf6 22. Bb5 Rea8 23. Ra3 Bc7 24. Bc6 Rc8 25. Qe3 Bb8 26. Bxa4 Rac7 27. Bb3
Re7 28. Ra6 Rce8 29. h3 Kh8 30. Ba1 f4 31. Qe4 Qf5 32. Qxf5 exf5 33. Rxe7 Rxe7
34. Kf1 h6 35. c4 Rb7 36. Rxh6+ Nh7 37. b5 Ba7 38. Rc6 Ng5 39. Bc2 Ne4 40. Bxe4
fxe4 41. Be5 f3 42. Rc7 1-0

[Event "Wch Juvenil 2010 sub16 Femenino"]
[Site "Porto Carras GRE"]
[Date "2010.10.21"]
[Round "2.1"]
[White "Arabidze, Meri"]
[Black "Orejuela, Chango Paulina"]
[Result "1-0"]
[WhiteElo "2288"]
[BlackElo "2037"]
[PlyCount "123"]
[EventDate "2010.10.20"]
[EventType "swiss"]
[EventRounds "11"]
[EventCountry "GRE"]
[Source "lmi"]
[SourceDate "2010.10.20"]

1. d4 d5 2. c4 e6 3. Nc3 Be7 4. Nf3 Nf6 5. Bg5 h6 6. Bh4 O-O 7. e3 b6 8. Bd3
Bb7 9. O-O Nbd7 10. Bg3 c5 11. Qe2 Rc8 12. cxd5 exd5 13. Rad1 Ne4 14. Bxe4 dxe4
15. Ne5 Nxe5 16. Bxe5 Qd7 17. d5 f5 18. f4 Bf6 19. a4 a6 20. Rf2 Rce8 21. Bxf6
Rxf6 22. Qc4 Rd6 23. a5 b5 24. Qxc5 Rc8 25. Qb4 Rc4 26. Qb3 Qc7 27. Rfd2 Qxa5
28. Rd4 Rxd4 29. Rxd4 Qd8 30. Qd1 Qd7 31. b4 Qc7 32. Qb3 Qd8 33. h3 h5 34. Kh2
h4 35. Qd1 g6 36. Qa1 Kf7 37. Rd2 Qb6 38. Qe1 Qd8 39. Qa1 Qb6 40. Rd4 Qd8 41.
Qb2 Qb6 42. Qf2 Qd8 43. Rd1 Qf6 44. Rc1 Qd8 45. Qd2 Qb6 46. Rc2 Ke8 47. Qe1 Qd8
48. Qc1 Qb6 49. Qd2 Kf7 50. Rc1 Ke8 51. Qf2 Qd8 52. Qb2 Kf7 53. Qc2 Qb6 54. Qd2
Ke8 55. Ne2 Bxd5 56. Rc5 Bf7 57. Qc3 Kd7 58. Qg7 Ke7 59. Nd4 Qb7 60. Re5+ Kd8
61. Qf8+ Kc7 62. Rc5+ 1-0

[Event "Wch Juvenil 2010 sub16 Femenino"]
[Site "Porto Carras GRE"]
[Date "2010.10.21"]
[Round "2.2"]
[White "Ibrahimova, Sabina Oqtay Qizi"]
[Black "Schut, Lisa"]
[Result "1-0"]
[WhiteElo "2029"]
[BlackElo "2288"]
[PlyCount "41"]
[EventDate "2010.10.20"]
[EventType "swiss"]
[EventRounds "11"]
[EventCountry "GRE"]
[Source "lmi"]
[SourceDate "2010.10.20"]

1. e4 c5 2. Nf3 d6 3. d4 cxd4 4. Nxd4 Nf6 5. Nc3 a6 6. f4 Nbd7 7. Bd3 g6 8. Nf3
Qc7 9. O-O Bg7 10. Qe1 O-O 11. Kh1 Nb6 12. h3 Re8 13. Qh4 Bd7 14. f5 Nc4 15.
Nd5 Nxd5 16. exd5 Ne5 17. Ng5 h6 18. Nxf7 Nxd3 19. fxg6 Rf8 20. cxd3 Be8 21.
Nxh6+ 1-0

[Event "Wch Juvenil 2010 sub16 Femenino"]
[Site "Porto Carras GRE"]
[Date "2010.10.21"]
[Round "2.3"]
[White "Ziaziulkina, Nastassia"]
[Black "Sop, Selen"]
[Result "1-0"]
[WhiteElo "2284"]
[BlackElo "2021"]
[PlyCount "103"]
[EventDate "2010.10.20"]
[EventType "swiss"]
[EventRounds "11"]
[EventCountry "GRE"]
[Source "lmi"]
[SourceDate "2010.10.20"]

1. e4 c5 2. Nf3 d6 3. d4 cxd4 4. Nxd4 Nf6 5. Nc3 a6 6. Bg5 e6 7. f4 Be7 8. Qf3
h6 9. Bh4 Nbd7 10. O-O-O Qc7 11. Bd3 g5 12. fxg5 Ne5 13. Qe2 Nfg4 14. h3 hxg5
15. Bg3 Nf6 16. Nf3 Nh5 17. Bh2 Bd7 18. Rhf1 Ng6 19. Qf2 O-O-O 20. Ne2 Rhf8 21.
Kb1 Ne5 22. Qa7 Nc6 23. Qe3 Rg8 24. g4 Nf6 25. Nc3 Qa5 26. e5 dxe5 27. Nxe5
Nxe5 28. Bxe5 Bc5 29. Qe2 Nd5 30. Nxd5 exd5 31. Rxf7 Rge8 32. Qh2 Qb6 33. Bf5
d4 34. Bf6 Bxf5 35. Bxd8 Rxd8 36. gxf5 Ba3 37. c3 dxc3 38. Rxd8+ Qxd8 39. Qe2
cxb2 40. Qf3 Qb6 41. Qg2 Kb8 42. Rd7 Qb5 43. Qg3+ Ka7 44. Qe3+ Bc5 45. Qd3 Qb4
46. Qc2 Bd4 47. Qe4 Bc5 48. Qxb4 Bxb4 49. Kxb2 Bc5 50. f6 Kb6 51. Rd5 Bf8 52.
Rd8 1-0

[Event "Wch Juvenil 2010 sub16 Femenino"]
[Site "Porto Carras GRE"]
[Date "2010.10.21"]
[Round "2.4"]
[White "Castrillon, Gomez Melissa"]
[Black "Nguyen, Thi Mai Hung"]
[Result "1/2-1/2"]
[WhiteElo "2013"]
[BlackElo "2258"]
[PlyCount "94"]
[EventDate "2010.10.20"]
[EventType "swiss"]
[EventRounds "11"]
[EventCountry "GRE"]
[Source "lmi"]
[SourceDate "2010.10.20"]

1. e4 c5 2. Nc3 g6 3. Nge2 Bg7 4. d4 cxd4 5. Nxd4 Nc6 6. Be3 Nf6 7. Bc4 O-O 8.
Bb3 a5 9. f3 d5 10. Nxd5 Nxd5 11. exd5 Nb4 12. c4 e5 13. Nc2 Nxc2+ 14. Bxc2
Qh4+ 15. Bf2 Qxc4 16. Bb3 Qb5 17. Qe2 Qb4+ 18. Qd2 Qxd2+ 19. Kxd2 a4 20. Bc4
Rd8 21. Bb6 Rd6 22. Bc7 Rd7 23. d6 Bf8 24. Bb5 Rxd6+ 25. Bxd6 Bxd6 26. Ke2 Be6
27. Rhd1 Bc5 28. a3 Bd4 29. Rd2 Ra5 30. Bd3 Rc5 31. Rc2 b6 32. Rxc5 bxc5 33.
Rc1 Bb3 34. Bb5 c4 35. Bxc4 Bxb2 36. Bxb3 Bxc1 37. Bxa4 Bxa3 38. Ke3 f5 39. g4
Kf7 40. h4 Bc5+ 41. Ke2 Be7 42. h5 fxg4 43. fxg4 Kf6 44. Kf3 Kg5 45. Be8 gxh5
46. Bxh5 Bb4 47. Ke4 Bc3 1/2-1/2

[Event "Wch Juvenil 2010 sub16 Femenino"]
[Site "Porto Carras GRE"]
[Date "2010.10.21"]
[Round "2.5"]
[White "Danelia, Mariam"]
[Black "Wisniowska, Klaudia"]
[Result "1-0"]
[WhiteElo "2213"]
[BlackElo "2009"]
[PlyCount "73"]
[EventDate "2010.10.20"]
[EventType "swiss"]
[EventRounds "11"]
[EventCountry "GRE"]
[Source "lmi"]
[SourceDate "2010.10.20"]

1. d4 d6 2. e4 Nf6 3. f3 e5 4. d5 Be7 5. c4 O-O 6. Be3 Nh5 7. Nc3 g6 8. Qd2 Ng7
9. Bd3 f5 10. Nge2 Nd7 11. O-O-O Nf6 12. Kb1 a6 13. Bh6 Rf7 14. Bxg7 Rxg7 15.
exf5 gxf5 16. Ng3 f4 17. Nge4 Bd7 18. g3 b5 19. cxb5 Nxe4 20. Nxe4 axb5 21.
gxf4 exf4 22. Qxf4 Qf8 23. Qe3 Kh8 24. Rhg1 Ra4 25. b3 Rb4 26. Bc2 Rxg1 27.
Rxg1 Bf6 28. Qf4 Rxe4 29. Qxe4 Qf7 30. f4 Bc3 31. a4 bxa4 32. bxa4 Bc8 33. Rg3
Bf6 34. a5 Qd7 35. Ba4 Qf7 36. Qe8+ Qxe8 37. Bxe8 1-0

[Event "Wch Juvenil 2010 sub16 Femenino"]
[Site "Porto Carras GRE"]
[Date "2010.10.21"]
[Round "2.6"]
[White "Ainutdinova, Yekaterina"]
[Black "Lach, Aleksandra"]
[Result "1-0"]
[WhiteElo "1999"]
[BlackElo "2206"]
[PlyCount "127"]
[EventDate "2010.10.20"]
[EventType "swiss"]
[EventRounds "11"]
[EventCountry "GRE"]
[Source "lmi"]
[SourceDate "2010.10.20"]

1. e4 c5 2. Nf3 d6 3. d4 cxd4 4. Nxd4 Nf6 5. Nc3 a6 6. Be3 e5 7. Nb3 Be7 8. f3
Be6 9. Qd2 O-O 10. O-O-O a5 11. Qe1 a4 12. Nc5 a3 13. b3 Qc8 14. Nxe6 fxe6 15.
Bc4 Ne8 16. Nb5 Na6 17. Qc3 Kh8 18. Be2 Qxc3 19. Nxc3 Nb4 20. Kb1 Rc8 21. Bc4
Nc7 22. Rd2 h6 23. Bb6 Nca6 24. Be3 Nc7 25. Rhd1 Rf6 26. Rf2 g5 27. Bc1 Ra8 28.
Nb5 Nxb5 29. Bxb5 Ra5 30. Bf1 Nc6 31. c3 Rf8 32. Bc4 Nd8 33. Kc2 Kg7 34. b4 Ra7
35. Kb3 Kf6 36. Bxa3 Nf7 37. Bc1 Rfa8 38. Bb5 Bd8 39. a4 b6 40. Be3 Re7 41. c4
Rc8 42. Ra2 h5 43. a5 bxa5 44. bxa5 Rb7 45. a6 Rbb8 46. a7 Ra8 47. Ra6 Ke7 48.
Bc6 Rxc6 49. Rxc6 Kd7 50. Ra6 Kc8 51. Rb1 Kb7 52. Ra2 Bc7 53. Kc3+ Kc8 54. Ra6
h4 55. c5 d5 56. Kd3 d4 57. Bd2 Nd8 58. Bxg5 Nb7 59. Rb5 h3 60. gxh3 Bd8 61. h4
Kc7 62. Bxd8+ Nxd8 63. h5 Nc6 64. h6 1-0

[Event "Wch Juvenil 2010 sub16 Femenino"]
[Site "Porto Carras GRE"]
[Date "2010.10.21"]
[Round "2.7"]
[White "Hakimifard, Ghazal"]
[Black "Botez, Alexandra"]
[Result "1-0"]
[WhiteElo "2173"]
[BlackElo "1998"]
[PlyCount "81"]
[EventDate "2010.10.20"]
[EventType "swiss"]
[EventRounds "11"]
[EventCountry "GRE"]
[Source "lmi"]
[SourceDate "2010.10.20"]

1. e4 e6 2. d4 d5 3. Nd2 Nf6 4. e5 Nfd7 5. c3 c5 6. Bd3 Nc6 7. Ne2 Qb6 8. Nf3
f6 9. exf6 Nxf6 10. O-O cxd4 11. cxd4 Bd6 12. Nc3 a6 13. Re1 O-O 14. a3 Bd7 15.
Bg5 Rae8 16. Bc2 Ne7 17. Bh4 Rc8 18. Qd2 Kh8 19. Rab1 Qc7 20. Bg3 Bxg3 21. hxg3
Nf5 22. Rbc1 Qd6 23. Ne5 Be8 24. g4 Ne7 25. Re3 Bg6 26. Bxg6 Nxg6 27. Rce1 Ne7
28. g5 Nh5 29. g3 Rce8 30. Na4 g6 31. Nc5 Nf5 32. Rc3 Nhg7 33. Ncd7 Kg8 34.
Nf6+ Kh8 35. g4 Ne7 36. Rh3 h5 37. gxh5 gxh5 38. Qd3 Rxf6 39. gxf6 Kg8 40. f7+
Kf8 41. Qh7 1-0

[Event "Wch Juvenil 2010 sub16 Femenino"]
[Site "Porto Carras GRE"]
[Date "2010.10.21"]
[Round "2.8"]
[White "Zhu, Ying"]
[Black "Aranaz Murillo, Amalia"]
[Result "1/2-1/2"]
[WhiteElo "1992"]
[BlackElo "2154"]
[PlyCount "107"]
[EventDate "2010.10.20"]
[EventType "swiss"]
[EventRounds "11"]
[EventCountry "GRE"]
[Source "lmi"]
[SourceDate "2010.10.20"]

1. e4 c6 2. d4 d5 3. Nc3 dxe4 4. Nxe4 Bf5 5. Ng3 Bg6 6. h4 h6 7. Nf3 Nd7 8. h5
Bh7 9. Bd3 Bxd3 10. Qxd3 e6 11. Bd2 Ngf6 12. O-O-O Be7 13. Kb1 O-O 14. Ne4 Nxe4
15. Qxe4 Nf6 16. Qe2 Qd5 17. Ne5 Qe4 18. Qxe4 Nxe4 19. Be3 Rfd8 20. c3 c5 21.
dxc5 Bxc5 22. Bxc5 Nxc5 23. f3 Kf8 24. Kc2 Ke7 25. b4 Nd7 26. Nxd7 Rxd7 27.
Rxd7+ Kxd7 28. c4 a5 29. b5 Rc8 30. Kc3 Rc5 31. f4 Rf5 32. g3 Kc7 33. Kd4 Kd6
34. Rh4 Ke7 35. c5 b6 36. cxb6 Rxb5 37. Rh2 Rxb6 38. Kc5 Rb8 39. g4 a4 40. Rh3
Rc8+ 41. Kb5 Rc2 42. Ra3 Rb2+ 43. Kc5 Rg2 44. Rxa4 Rxg4 45. Rc4 g5 46. hxg6
fxg6 47. a4 g5 48. a5 gxf4 49. a6 e5 50. Kd5 Rg8 51. Kxe5 Ra8 52. Rc7+ Kd8 53.
Rf7 Rxa6 54. Kxf4 1/2-1/2

[Event "Wch Juvenil 2010 sub16 Femenino"]
[Site "Porto Carras GRE"]
[Date "2010.10.21"]
[Round "2.9"]
[White "Gevorgyan, Maria"]
[Black "Chumpitaz, Ann"]
[Result "0-1"]
[WhiteElo "1981"]
[BlackElo "2150"]
[PlyCount "112"]
[EventDate "2010.10.20"]
[EventType "swiss"]
[EventRounds "11"]
[EventCountry "GRE"]
[Source "lmi"]
[SourceDate "2010.10.20"]

1. e4 c5 2. Nc3 Nc6 3. Bb5 Nd4 4. Bc4 e6 5. Nf3 Ne7 6. Nxd4 cxd4 7. Ne2 Nc6 8.
d3 Bc5 9. O-O O-O 10. a3 a5 11. Nf4 a4 12. Qh5 Ra5 13. Qe2 Be7 14. Bd2 Rc5 15.
Rac1 b5 16. Ba2 Re5 17. Nh5 g6 18. Ng3 b4 19. f4 Rb5 20. Bc4 Rb8 21. axb4 Nxb4
22. Bxb4 Rxb4 23. c3 dxc3 24. bxc3 Qb6+ 25. Rf2 Rxc4 26. dxc4 Bc5 27. Ra1 Qb3
28. f5 a3 29. f6 Qxc3 30. Raf1 Qxf6 31. e5 Qg7 32. Ne4 Qxe5 33. Nxc5 Qxc5 34.
Kh1 Ba6 35. Rf4 d5 36. Qe5 Bxc4 37. Rc1 Qb4 38. Rd4 Qb2 39. Qe3 a2 40. Rdd1 Ra8
41. Ra1 Ra3 42. Qf4 Rc3 43. h4 h5 44. Kh2 Rc2 45. Qg5 Be2 46. Rdc1 Rxc1 47.
Qxc1 Qxc1 48. Rxc1 Bd3 49. Rc8+ Kg7 50. Ra8 Bc4 51. Kg3 d4 52. Kf4 e5+ 53. Ke4
f5+ 54. Kxe5 d3 55. g4 hxg4 56. h5 gxh5 0-1